000 01013cad a22002055a 4500
001 L146930
008 090316s2009 xxkad f s 000 0 eng d
035 _a(Sirsi) u146930
041 0 _aeng
050 0 4 _a333.33 $2 18
110 2 _aGVA Grimley
_93646
245 0 0 _aBusiness parks review
_bSpring 2009
_h[electronic resource]
260 _aLondon
_bGVA Grimley
_c2009
490 0 _aBusiness Parks Review
_vSpring 2009
520 _aReports that national take-up has fallen, with H2 2008 down 17% on H1 2008 at 1.7m sq ft: take-up fell in all regions, apart from the North West and Yorkshire, Humber and the North East, which stayed the same. National availability has risen by 9% over the last six months, and average business park rents are expected to fall by 9% in 2009 and 5.5% in 2010.
651 4 _aUnited Kingdom
_y
690 _aPROPERTY-COMMERCIAL PROPERTY-COMMERCIAL PROPERTY MARKET
856 4 0 _uhttps://www.gvagrimley.co.uk/
_zView the item free of charge at www.gvagrimley.co.uk...
942 _n0
999 _c109358
_d109358